[Event "RUS-chT Premier League Women 2018"]
[Site "Sochi"]
[Date "2018.05.07"]
[Round "6"]
[White "Dordzhieva, Dinara"]
[Black "Kosteniuk, Alexandra"]
[Result "0-1"]
[WhiteElo "2301"]
[BlackElo "2555"]
[Annotator "TA"]
[PlyCount "234"]
[EventDate "2018.??.??"]
[EventCountry "RUS"]
[SourceTitle "playchess.com"]
[Source "ChessBase"]
[SourceQuality "1"]

{[%evp 13,234,30,37,12,28,28,28,28,29,29,34,22,57,45,52,-2,-2,-2,-2,-5,0,0,13,0,0,0,0,0,0,-22,0,-16,-16,-34,-10,-8,19,0,0,-19,-20,-26,0,6,15,10,6,3,81,63,237,0,0,0,45,45,140,135,277,0,0,-18,-10,-8,-8,-520,29,0,0,0,0,0,0,0,0,0,0,0,0,0,0,0,0,0,0,0,0,0,0,0,0,0,0,0,0,0,0,0,0,0,0,0,0,0,0,0,0,0,0,0,0,0,0,-6,0,0,0,0,0,0,0,0,0,0,0,0,0,0,0,0,0,-23,-23,-39,-51,-115,-100,-100,-100,-117,-91,-93,-93,-93,-93,-78,-84,-93,-90,-397,-737,-590,-166,-29956,-29948,-93,-33,-607,-608,-683,-506,-398,-93,-93,-93,-93,-93,-93,-93,-887,-762,-681,-93,-443,-108,-101,-41,-93,-13,-29955,-29969,-4698,-149,-4698,-29969,-29968,-29972,-29970,-29975,-29970,-29976,-29976,-29977,-29977,-29978,-29978,-29979,-29978,-29977,-29946,-29949,-29987,-93,-29964,-29966,-29982,-29979,-29979,-29977,-29977,-29978,-29966,-4626,-29994,-29995,-29995,-29991,-29991,-29992,-29994,-29995,-29996,-29994]} 1. d4 Nf6 2. Nf3 d5 3. Bf4 c5 4. e3 Nc6 5. Nbd2 cxd4 6. exd4 Bg4 7. c3 e6 {LiveBook: 51 Games. B13: Caro-Kann: Exchange Variation and Panov-Botvinnik Attack} 8. Be2 (8. Qb3 Bd6 9. Qxb7 O-O 10. Bg3 Rc8 11. Bd3 Bxg3 12. hxg3 Qd6 13. Qa6 Rb8 14. Nb3 Rb6 15. Qa4 {1-0 (25) Eljanov,P (2707)-Hammer,J (2629) Palma de Mallorca 2017}) 8... Bxf3 $146 ({Predecessor:} 8... Bd6 9. Bxd6 Qxd6 10. O-O O-O 11. Ne5 Bxe2 12. Qxe2 Ne8 {½-½ (12) Heinzel,O (2374)-Haba,P (2519) Ditzingen 2006}) 9. Nxf3 (9. gxf3 Bd6 $15) 9... Bd6 {White has an edge.} 10. Bxd6 Qxd6 11. O-O O-O 12. Bd3 Ne4 13. Qe2 f5 14. Ne5 (14. Bb5 $14) 14... Nxe5 $11 15. dxe5 Qb6 (15... Qxe5 $6 16. f3 $16) 16. Rad1 {[%cal Ba1d1,Bd1d4,Bd4d7][%mdl 32]} Rac8 17. c4 dxc4 18. Bxc4 Rc5 19. Rd4 Rxe5 20. Rfd1 Rc5 21. Qe3 Re8 22. g3 h6 23. Bb3 Kh7 24. Rd7 Qb5 25. a4 Qb6 26. Qd4 {[%csl Gd7][%cal Rd4g7]} Rg8 $1 27. Qe3 Qc6 28. f3 Ng5 $1 {[%cal Rg5f3]} 29. Kf2 $36 {[%cal Bg1f2,Bf2g2,Bg2h3][%mdl 2080] White fights for an advantage.} Re5 $1 {[%cal Re5e3]} 30. Qc3 $1 {[%cal Rc3c6] Black must now prevent Qxc6.} Qb6+ (30... Rc5 $1 $11 31. Qd3 Qb6) 31. R1d4 $1 $16 {[%mdl 1024] White has strong compensation.} Rc5 $2 (31... a5 $14) 32. Qd3 $2 (32. Qb4 $1 $18) 32... Rf8 $11 33. Kg2 Nf7 {aiming for ...Ne5.} 34. f4 $1 Rc1 (34... Qc6+ $1 $14 35. Qf3 a5) 35. Kh3 Qc6 (35... a5 $16) 36. Qe3 $2 {[#]} ({White must play} 36. Re7 $1 $18 Rg1 37. Qe2) 36... e5 $1 {[%cal Re5d4][%mdl 512]} 37. Rd2 (37. fxe5 Ng5+) 37... exf4 38. gxf4 (38. Qe7 $2 Ng5+ 39. Kh4 Qg6 $1 $19 {[%mdl 512]}) 38... Rf1 (38... Re8 $5 39. Qg3 $8 Rce1 40. Rxf7 R1e3 41. Rxg7+ Kh8 42. Rg8+ Kh7 $11) 39. R2d3 $2 {[%mdl 8192]} (39. Qg3 $2 Rf3 $19) (39. Bd1 $11 {and White has nothing to worry.}) 39... Qf6 $2 (39... Qg6 $19 {[%csl Gf5][%cal Rg6g4]} 40. Qg3 Qh5+ 41. Qh4 Qxh4+ 42. Kxh4 Rxf4+ 43. Kg3 Rg4+ 44. Kf2 Ne5) 40. Bxf7 Rxf7 41. R3d6 $1 {[%cal Rd6f6]} Rxd7 42. Rxf6 gxf6 {[%mdl 4096] Endgame KQ-KRR} 43. Qe6 Rf3+ 44. Kg2 Rfd3 45. Qxf5+ Kg7 46. Qg4+ Kf7 47. Qh5+ Ke6 48. Qg4+ Kf7 49. Qh5+ Kg7 50. Qg4+ Kf8 51. Qh5 Rd2+ 52. Kf3 R7d3+ 53. Ke4 Rd4+ 54. Ke3 R2d3+ 55. Ke2 Kg7 (55... Ke7 {looks sharper.} 56. Qxh6 Rd2+ 57. Ke3 R2d3+ 58. Ke2) 56. Qg4+ Kf7 {Black wants to play ...Rd2+.} 57. Qh5+ Ke6 58. Qxh6 Rd2+ 59. Ke3 R2d3+ 60. Ke2 $1 Rb3 61. Qf8 Re4+ 62. Kd2 Rxb2+ 63. Kc3 Rxh2 64. Qc8+ Kf7 65. Qxb7+ Re7 66. Qd5+ Kg7 67. Qf3 Rc7+ 68. Kd3 Rhc2 (68... Rh6 {is more complex.} 69. Ke4 a5 70. Qg3+ Kf7 71. Qb3+ Kg7) 69. Qg4+ Kf7 70. Qh5+ Ke6 71. Qb5 R2c3+ 72. Kd2 R3c5 73. Qe8+ Kf5 74. Qd8 ({Better is} 74. Ke3 $15) 74... Rc2+ 75. Ke1 Ke4 76. Kf1 (76. Qxf6 {gets mated.} Rc1+ 77. Kf2 R7c2+ 78. Kg3 Rg1+ 79. Kh3 Kf3 80. Qc6+ Rxc6 81. Kh2 Rg2+ 82. Kh3 Rh6#) 76... f5 77. Qd6 Rc1+ 78. Kg2 R7c2+ 79. Kg3 {Qe5+ is the strong threat.} Rc3+ 80. Kg2 R1c2+ 81. Kg1 $2 {[%mdl 8192]} (81. Kf1 $17) 81... Rd3 $1 $19 {[%cal Rd3d6]} 82. Qb4+ Ke3 $2 (82... Kf3 $1 83. Qb7+ Kg3 84. Qg7+ Kf3 85. Qb7+ Ke2) 83. Qe7+ $2 (83. Qe1+ $19 Re2 84. Qa1) 83... Kf3 84. Qb7+ Kxf4 (84... Ke2 $17 {Threatens to win with ...Rg3+.} 85. a5 Rc1+ 86. Kg2 Rc2) 85. Qb1 $2 {[%mdl 8192]} (85. Qb8+ $15 Ke4 86. Qb7+ Ke5 87. Qb8+ Ke4 88. Qb7+ Ke5 89. Qb8+ Ke6 90. Qg8+ Kf6 91. Qf8+ Kg5 92. Qg8+ Kf4 93. Qb8+ Ke4) 85... Rcd2 $1 {[%cal Rd2d1]} 86. Qb8+ Rd6 87. a5 a6 $2 (87... Kg3 $19 {[%cal Rd2d1] is more deadly.} 88. Qb3+ Kg4 89. Qg8+ Kf3 90. Qb3+ R2d3 91. Qb7+ R6d5) 88. Qb4+ R2d4 89. Qb8 Kf3 90. Qb7+ R6d5 {Hoping for ...f4.} 91. Qc6 $2 {[%mdl 8192]} (91. Qa8 $17 f4 92. Qb7) 91... f4 92. Qb7 Rd1+ 93. Kh2 R1d2+ $2 (93... Kf2 $1 $19 {[%cal Rd5h5] has better winning chances.} 94. Qb6+ R1d4) 94. Kg1 $17 Kg4 ({Black should play} 94... R2d3 $17 {Strongly threatening ...Rd1+.} 95. Qc6 R3d4 96. Qc3+ Rd3) 95. Qc8+ (95. Qg7+ $1 $15 Kf3 96. Qc3+ R2d3 97. Qc6) 95... Kg3 (95... Rd7 $1 $17 {And now ...Kg3 would win.} 96. Kf1 Kf3 97. Qc3+ R7d3 98. Qc6+ Rd5) 96. Qg8+ $2 {[%mdl 8192]} (96. Qc3+ $11 R5d3 97. Qg7+ Kf3 98. Qb7+ Rd5 99. Qc6) 96... Kf3 97. Qa8 Rd1+ $1 98. Kh2 Kf2 $1 {[%cal Rd5h5]} 99. Qa7+ R1d4 {[%cal Rd5h5]} 100. Qh7 f3 101. Qc2+ Rd2 {[%cal Rd5h5]} 102. Qg6 Rd6 103. Qg5 Kf1+ 104. Kh1 Rd1 105. Qe3 f2 106. Kh2 R1d3 107. Qf4 Ke2 $2 (107... Rc6 {mates} 108. Qg5 Rcc3 109. Qg2+ Ke2 110. Qg4+ Rf3 111. Qe6+ Kf1 112. Qh6 Ke1 113. Qh4 {[#]} Rh3+ $1 {[%mdl 512]} 114. Kg2 Rcg3+ $1 {[%mdl 512]} 115. Qxg3 Rxg3+ 116. Kxg3 f1=Q 117. Kg4 Qf6 118. Kg3 Qf5 119. Kh4 Qe5 120. Kh3 Qg5 121. Kh2 Kf2 122. Kh3 Qh5#) 108. Qe4+ $2 {[%mdl 8192]} (108. Qe5+ $17 Kf1 109. Qa1+ Rd1 110. Qh8) 108... Re3 109. Qg4+ Ke1 110. Qb4+ Rd2 111. Qb1+ Rd1 112. Qb4+ Ke2 {( -> ...Rh1+!)} 113. Qb2+ Rd2 {Black mates.} 114. Qc1 Re4 ({Worse is} 114... f1=Q 115. Qxd2+ Kxd2 $11) 115. Kg2 Rg4+ 116. Kh2 f1=R ({Weaker is} 116... f1=Q 117. Qxd2+ Kxd2 $11) 117. Qc6 Rgf4 {Precision: White = 51%, Black = 47%.} 0-1

[Event "RUS-chT Premier League Women 2018"]
[Site "Sochi"]
[Date "2018.05.07"]
[Round "6"]
[White "Belenkaya, Dina"]
[Black "Chan, Naruna"]
[Result "1-0"]
[WhiteElo "2297"]
[BlackElo "1927"]
[Annotator "NA"]
[PlyCount "71"]
[EventDate "2018.??.??"]
[EventCountry "RUS"]
[SourceTitle "playchess.com"]
[Source "ChessBase"]
[SourceQuality "1"]
[TimeControl "40/5400+30:1800+30"]

1. e4 {[%emt 0:00:00]} c5 {[%emt 0:00:05]} 2. Nf3 {[%emt 0:00:00]} Nc6 {[%emt 0:00:06]} 3. Bb5 {[%emt 0:00:00]} e6 {[%emt 0:00:07]} 4. O-O {[%emt 0:00:00]} Nge7 {[%emt 0:00:04]} 5. Re1 {[%emt 0:00:05]} Nd4 {[%emt 0:00:11]} 6. Nxd4 {[%emt 0:00:53]} cxd4 {[%emt 0:00:06] LiveBook: 180 Games} 7. d3 {[%emt 0:01:16] B30: Sicilian: 2...Nc6 3 Bb5, lines without ...g6} a6 {[%emt 0:00:08]} 8. Ba4 {[%emt 0:00:05]} b5 {[%emt 0:00:05]} 9. Bb3 {[%emt 0:00:03]} Bb7 {[%emt 0:00:24]} 10. Bf4 $146 {[%emt 0:03:13]} ({Predecessor:} 10. Bg5 Qc7 11. Bh4 Ng6 12. Bg3 Bd6 13. c3 Qb6 14. Qh5 Rc8 {½-½ (22) Jones,G (2675)-Iturrizaga Bonelli,E (2624) Dubai 2018}) 10... Nc6 {[%emt 0:00:42]} 11. Nd2 {[%emt 0:00:40]} Be7 {[%emt 0:13:11]} 12. Bg3 {[%emt 0:00:39]} O-O {[%emt 0:00:21]} 13. f4 {[%emt 0:02:14]} d5 {[%emt 0:20:44]} ({Black should try} 13... f5 $11) 14. e5 {[%emt 0:04:31]} (14. exd5 $16 exd5 15. a3) 14... Bh4 {[%emt 0:06:19]} 15. Qg4 {[%emt 0:01:21]} Be7 {[%emt 0:04:02]} 16. Nf3 {[%emt 0:02:04]} Bc8 {[%emt 0:00:00]} 17. Bf2 {[%emt 0:03:26]} Bc5 {[%emt 0:02:54]} 18. Bh4 {[%emt 0:04:59]} Be7 {[%emt 0:01:04]} 19. Bf2 {[%emt 0:05:48]} Bc5 {[%emt 0:00:05]} 20. Ng5 {[%emt 0:03:25]} Bd7 {[%emt 0:09:14]} 21. Kh1 {[%emt 0:02:40]} h6 {[%emt 0:02:37]} 22. Nf3 {[%emt 0:00:11]} Rc8 {[%emt 0:04:50]} 23. Rac1 {[%emt 0:03:22]} a5 {[%emt 0:02:01]} 24. c3 {[%emt 0:04:58]} a4 {[%emt 0:03:44]} 25. Bc2 {[%emt 0:02:17]} Qb6 {[%emt 0:02:17]} 26. Bh4 {[%emt 0:07:14]} Kh7 {[%emt 0:01:56]} 27. a3 $11 {[%emt 0:06:02]} (27. c4 $5) 27... Kh8 {[%emt 0:08:03]} 28. Qh3 {[%emt 0:00:27]} Ne7 {[%emt 0:02:56]} 29. cxd4 {[%emt 0:04:44]} Bxd4 {[%emt 0:03:25]} 30. Bxe7 {[%emt 0:01:36]} Rfe8 {[%emt 0:01:42]} 31. Bg5 {[%emt 0:04:35]} Kh7 {[%emt 0:07:53]} 32. Qh5 {[%emt 0:00:59]} Rh8 {[%emt 0:02:17]} 33. Bb1 {[%emt 0:12:53]} Rxc1 {[%emt 0:01:34]} 34. Rxc1 {[%emt 0:00:01]} Kg8 {[%emt 0:00:32]} 35. Bd8 {[%emt 0:00:53]} Qa7 {[%emt 0:01:16]} 36. Rc7 {[%emt 0:00:38]} 1-0

[Event "RUS-chT Premier League Women 2018"]
[Site "Sochi"]
[Date "2018.05.07"]
[Round "6"]
[White "Nebolsina, Vera"]
[Black "Pogonina, Natalija"]
[Result "0-1"]
[WhiteElo "2218"]
[BlackElo "2457"]
[Annotator "TA"]
[PlyCount "90"]
[EventDate "2018.??.??"]
[EventCountry "RUS"]
[SourceTitle "playchess.com"]
[Source "ChessBase"]
[SourceQuality "1"]

{[%evp 17,90,-8,7,-21,0,0,0,0,27,25,11,0,0,0,50,0,13,13,22,16,16,-10,13,-82,-83,-98,-98,-98,-93,-93,-89,-93,-86,-121,-121,-111,-52,-128,-131,-198,-142,-140,-131,-267,-261,-256,-260,-254,-209,-297,-290,-300,-281,-364,-375,-376,-373,-373,-375,-379,-372,-396,-384,-454,-436,-612,-616,-610,-605,-602,-600,-599,-570,-554,-554]} 1. e4 e5 2. Nf3 Nc6 3. Nc3 Nf6 4. g3 d5 5. exd5 Nxd5 6. Bg2 Nxc3 7. bxc3 Bc5 8. O-O O-O 9. d3 Bb6 {LiveBook: 9 Games. C47: Scotch Four Knights and Four Knights with 4 g3} 10. Qe1 $146 ({Predecessor:} 10. a4 Re8 11. Re1 a6 12. Be3 Ba5 13. Bd2 h6 14. Rb1 Bb6 15. Be3 Ba5 16. Bd2 Bb6 17. Nh4 {1-0 (31) Mamedyarov,S (2757)-Leko,P (2731) Sochi 2014}) 10... Qf6 11. Nd2 Bf5 {The position is equal.} 12. a4 Rfe8 13. Nb3 {[#] And now a5 would win.} Na5 14. Nd2 Qe6 15. Ne4 a6 16. Ng5 Qd7 17. Be3 Bxe3 18. fxe3 {With the idea c4.} Bg6 19. Qb1 {White wants to play Qb4.} Qe7 20. Nf3 (20. Ne4 $11) 20... e4 $36 {[%mdl 2048] Keeping White busy.} 21. Nh4 exd3 22. Nxg6 hxg6 ({Of course not} 22... fxg6 23. Qb4 $11) 23. cxd3 Qxe3+ 24. Kh1 Rad8 25. Qb4 b6 26. d4 Qe7 (26... Qe2 $17 27. Bf3 Qe6) 27. Rac1 ({White should try} 27. Qxe7 $15 Rxe7 28. Kg1) 27... Rd6 28. d5 (28. Rf4 $17) 28... Rf6 ({Better is} 28... Nb7 $19 29. Rf3 a5) 29. Rxf6 gxf6 30. h4 (30. Qxe7 $17 Rxe7 31. d6 cxd6 32. Rb1) 30... Qe3 $19 31. Qf4 Qxf4 32. gxf4 {[%mdl 4096] Endgame KRB-KRN} Kg7 33. Kh2 (33. d6 $142) 33... Nb7 34. c4 a5 35. d6 Nxd6 36. c5 Nf5 37. cxb6 cxb6 38. h5 gxh5 {[%cal Bg6h5,Bh5h4][%mdl 32]} 39. Bf3 h4 40. Rc7 Re7 {Black is clearly winning.} 41. Rxe7 (41. Rc2 $142) 41... Nxe7 42. Kh3 Nf5 43. Be4 Nd4 44. Bd3 Ne6 45. Kg4 {[#]} h3 $1 {Precision: White = 38%, Black = 56%.} 0-1

[Event "RUS-chT Premier League Women 2018"]
[Site "Sochi"]
[Date "2018.05.07"]
[Round "6"]
[White "Smirnova, Ekaterina"]
[Black "Shuvalova, Polina"]
[Result "0-1"]
[WhiteElo "2149"]
[BlackElo "2416"]
[Annotator "TA"]
[PlyCount "150"]
[EventDate "2018.??.??"]
[EventCountry "RUS"]
[SourceTitle "playchess.com"]
[Source "ChessBase"]
[SourceQuality "1"]

{[%evp 26,150,-6,-7,0,-4,-10,-26,-21,-26,-19,-27,-21,-27,-23,-24,-13,-21,-16,-12,0,0,9,0,16,10,8,0,0,0,20,8,25,0,49,24,24,24,24,24,89,41,35,48,43,44,37,0,0,-9,-16,-14,-14,-18,-19,-84,0,0,0,-98,-73,-262,-254,-244,-245,-228,0,0,0,0,189,0,0,0,0,0,0,0,0,0,0,-576,-507,-1580,-1419,-1197,-1350,-1587,-1547,-1547,-1547,-1364,-1156,-3734,-1649,-11889,-7241,-6070,-3327,-29969,-29970,-29969,-29970,-29970,-29971,-29973,-29975,-29974,-29974,-29974,-29975,-29976,-29977,-29977,-29978,-29978,-29979,-29978,-29979,-29981,-29982,-29983,-29984,-29985,-29986,-29986,-29987]} 1. d4 Nf6 2. c4 e6 3. Nc3 Bb4 4. e3 O-O 5. Bd3 d5 6. Nf3 dxc4 7. Bxc4 c5 8. O-O cxd4 9. exd4 b6 10. a3 Bxc3 11. bxc3 Qc7 12. Qe2 Bb7 13. Ne5 {E54: Nimzo-Indian: Rubinstein: Main Line: 7...dxc4 8 Bxc4} Nbd7 14. Nxd7 {LiveBook: 4 Games} Nxd7 (14... Qxd7 15. Bd2 Ne4 16. Be1 Rac8 17. f3 Nd6 18. Bd3 Bd5 19. Qc2 h6 20. Bg3 {0-1 (40) Gallego Alcaraz,A (2465)-Vera Siguenas,D (2528) Santa Maria del Mar 2017}) 15. Bd2 {The position is equal.} Rfc8 16. Bd3 Bd5 17. Rfb1 $146 ({Predecessor:} 17. Rab1 Bc4 18. Rb4 Bxd3 19. Qxd3 a5 20. Rb5 Qc4 21. Qxc4 Rxc4 {½-½ (29) Plat,V (2041)-Ganaus,H (2321) Orlova 2006}) 17... Bc4 18. Bxc4 Qxc4 19. Qxc4 Rxc4 20. a4 a5 21. Kf1 Rac8 22. Ke2 Kf8 23. Kd3 R8c6 24. g4 Ke7 25. h3 Kd6 26. Rb5 Kc7 27. f4 Kd6 28. f5 e5 29. g5 e4+ 30. Ke2 Rc8 31. h4 Kc6 32. Rbb1 Nb8 (32... h5 $11) 33. g6 Nd7 34. Rg1 fxg6 $1 35. fxg6 h5 36. Rgf1 Nf6 $1 37. Bh6 Nd5 $36 {[%mdl 2048] Black has the initiative.} 38. Bxg7 {Threatens to win with Bh6.} Rg8 39. Rf7 Rxc3 40. Ra2 (40. Kf2 $11) 40... Nb4 41. Ra1 $1 Nd5 42. Ra2 Kd6 43. Ke1 $2 (43. Kf2 $17) 43... Rc1+ $19 44. Kf2 {[#]} e3+ $1 45. Kf3 Ke6 $2 ({Black should try} 45... Rf1+ $19 46. Ke4 Rg1) 46. Rg2 $1 $11 {[%cal Rg2g5] Black must now prevent Rg5.} Rf1+ 47. Ke4 Rh1 $2 (47... Rxf7 $11 48. gxf7 Kxf7 49. Kxd5 Rxg7) 48. Rc2 $2 (48. Rg5 $18 {Intending Re5+ and mate.} Rxh4+ 49. Kd3) 48... Rxh4+ 49. Kf3 {[%cal Rc2c6] [#]} Rf4+ $1 {[%mdl 512]} 50. Rxf4 Nxf4 51. Kxf4 {Strongly threatening Be5.} Rxg7 {[%mdl 4096] Endgame KR-KR} 52. Kg5 {Re2 is the strong threat.} Kd5 53. Kxh5 $2 {[%mdl 8192]} (53. Kf6 $11 {and White has nothing to worry.} Rg8 54. g7) 53... Kxd4 $19 {aiming for ...Re7.} 54. Kh6 (54. Rg2 $142 Kd3 55. Rg3) 54... Re7 55. g7 Re8 56. Rb2 e2 57. g8=Q Rxg8 58. Rxe2 Rg4 59. Rb2 Kc5 60. Rc2+ Kb4 61. Rb2+ Kxa4 62. Rxb6 Ka3 {Black mates.} 63. Kh5 Rg1 64. Kh4 a4 {[%cal Ba5a4,Ba4a3,Ba3a2][%mdl 32]} 65. Kh3 Ka2 66. Kh2 Rg8 67. Rb7 a3 68. Rb6 Ka1 69. Rb7 a2 70. Rb6 Rc8 71. Kg3 Rc1 72. Kf3 Rb1 73. Ra6 Kb2 74. Rb6+ Kc3 75. Rc6+ Kd4 {Precision: White = 32%, Black = 66%.} 0-1

[Event "RUS-chT Premier League Women 2018"]
[Site "Sochi"]
[Date "2018.05.07"]
[Round "6"]
[White "Bulatova, Kamaliya"]
[Black "Nechaeva, Marina"]
[Result "0-1"]
[WhiteElo "2121"]
[BlackElo "2407"]
[Annotator "ChessBase"]
[PlyCount "118"]
[EventDate "2018.??.??"]
[EventCountry "RUS"]
[SourceTitle "playchess.com"]
[Source "ChessBase"]
[SourceQuality "1"]
[TimeControl "40/5400+30:1800+30"]

1. d4 {[%emt 0:00:00]} Nf6 {[%emt 0:00:05]} 2. c4 {[%emt 0:00:00]} g6 {[%emt 0:00:04]} 3. Nc3 {[%emt 0:00:00]} Bg7 {[%emt 0:00:04]} 4. e4 {[%emt 0:00:00]} d6 {[%emt 0:00:05]} 5. Be2 {[%emt 0:00:00]} O-O {[%emt 0:00:06]} 6. Be3 {[%emt 0:00:00]} c5 {[%emt 0:11:23]} 7. d5 {[%emt 0:00:02]} a6 {[%emt 0:02:37]} 8. a4 {[%emt 0:04:19]} Qa5 {[%emt 0:02:18]} 9. Bd2 {[%emt 0:04:43]} e6 {[%emt 0:00:47]} 10. Nf3 {[%emt 0:01:05]} exd5 {[%emt 0:00:14]} 11. cxd5 {[%emt 0:09:16]} Qc7 {[%emt 0:04:20]} 12. Bf4 {[%emt 0:07:19]} Re8 {[%emt 0:03:48]} 13. Nd2 {[%emt 0:03:20]} Nbd7 {[%emt 0:00:57]} 14. O-O {[%emt 0:02:35]} Ne5 {[%emt 0:01:30]} 15. Re1 {[%emt 0:09:05]} b6 {[%emt 0:11:14]} 16. Bg3 {[%emt 0:16:10]} g5 {[%emt 0:06:19]} 17. Bxe5 {[%emt 0:00:36]} Rxe5 {[%emt 0:00:04]} 18. Nf3 {[%emt 0:01:42]} Re7 {[%emt 0:00:55]} 19. e5 {[%emt 0:01:53]} Ng4 {[%emt 0:08:20]} 20. e6 {[%emt 0:11:30]} h6 {[%emt 0:11:26]} 21. Bc4 {[%emt 0:05:51]} Nf6 {[%emt 0:05:55]} 22. Qd3 {[%emt 0:01:31]} Bb7 {[%emt 0:04:55]} 23. Qf5 {[%emt 0:05:11]} Rd8 {[%emt 0:09:23]} 24. Rad1 {[%emt 0:05:07]} Qc8 {[%emt 0:06:35]} 25. Rd3 {[%emt 0:05:26]} fxe6 {[%emt 0:03:37]} 26. Rxe6 {[%emt 0:00:59]} Rf7 {[%emt 0:00:28]} 27. Nxg5 {[%emt 0:01:21]} hxg5 {[%emt 0:00:38]} 28. Qxg5 {[%emt 0:01:19]} Re8 {[%emt 0:03:29]} 29. Rde3 {[%emt 0:01:49]} Rxe6 {[%emt 0:01:17]} 30. Rxe6 {[%emt 0:00:45]} Qf8 {[%emt 0:01:24]} 31. Bd3 {[%emt 0:00:43]} Re7 {[%emt 0:00:29]} 32. Qe3 {[%emt 0:01:33]} Rxe6 {[%emt 0:00:38]} 33. Qxe6+ {[%emt 0:00:01]} Kh8 {[%emt 0:00:13]} 34. Qh3+ {[%emt 0:01:02]} Bh6 {[%emt 0:00:23]} 35. Qf5 {[%emt 0:00:28]} Bc8 {[%emt 0:00:51]} 36. Qf3 {[%emt 0:00:28]} Qe7 {[%emt 0:00:31]} 37. Ne4 {[%emt 0:00:41]} Nxe4 {[%emt 0:00:08]} 38. Bxe4 {[%emt 0:00:18]} Qg5 {[%emt 0:00:45]} 39. h4 {[%emt 0:00:47]} Qc1+ {[%emt 0:00:27]} 40. Kh2 {[%emt 0:00:00]} Qf4+ {[%emt 0:00:42]} 41. Qxf4 {[%emt 0:01:37]} Bxf4+ {[%emt 0:00:19]} 42. g3 {[%emt 0:00:01]} Bc1 {[%emt 0:00:31]} 43. b3 {[%emt 0:00:06]} Kg7 {[%emt 0:00:19]} 44. f3 {[%emt 0:01:26]} Kf6 {[%emt 0:02:26]} 45. g4 {[%emt 0:06:26]} Ke5 {[%emt 0:01:11]} 46. Kh3 {[%emt 0:01:17]} b5 {[%emt 0:02:24]} 47. axb5 {[%emt 0:01:00]} axb5 {[%emt 0:00:04]} 48. Bd3 {[%emt 0:00:30]} b4 {[%emt 0:00:36]} 49. h5 {[%emt 0:01:02]} Kxd5 {[%emt 0:05:03]} 50. Kh4 {[%emt 0:00:20]} Be3 {[%emt 0:01:28]} 51. f4 {[%emt 0:01:21]} Bxf4 {[%emt 0:00:39]} 52. g5 {[%emt 0:00:04]} Ke6 {[%emt 0:01:32]} 53. h6 {[%emt 0:00:41]} Ke7 {[%emt 0:07:46]} 54. Kh5 {[%emt 0:00:30]} Be6 {[%emt 0:03:58]} 55. Bc2 {[%emt 0:00:33]} d5 {[%emt 0:01:09]} 56. g6 {[%emt 0:00:13]} Kf6 {[%emt 0:00:16]} 57. g7 {[%emt 0:00:28]} Bf7+ {[%emt 0:00:06]} 58. Bg6 Bxg6+ {[%emt 0:00:05]} 59. Kg4 {[%emt 0:00:52]} Bh7 {[%emt 0:00:05]} 0-1

[Event "RUS-chT Premier League Women 2018"]
[Site "Sochi"]
[Date "2018.05.07"]
[Round "6"]
[White "Trapeznikova, Darya"]
[Black "Ovod, Evgenija"]
[Result "0-1"]
[WhiteElo "2087"]
[BlackElo "2371"]
[Annotator "NA"]
[PlyCount "56"]
[EventDate "2018.??.??"]
[EventCountry "RUS"]
[SourceTitle "playchess.com"]
[Source "ChessBase"]
[SourceQuality "1"]
[TimeControl "40/5400+30:1800+30"]

1. d4 {[%emt 0:00:00]} e6 {[%emt 0:00:05]} 2. c4 {[%emt 0:00:00]} c5 {[%emt 0:00:06]} 3. Nf3 {[%emt 0:00:16]} cxd4 {[%emt 0:05:48]} 4. Nxd4 {[%emt 0:00:08]} b6 {[%emt 0:00:11]} 5. Nc3 {[%emt 0:01:22]} Bb7 {[%emt 0:00:10]} 6. Qc2 {[%emt 0:07:23]} d6 {[%emt 0:11:12]} 7. e4 {[%emt 0:01:19]} Nd7 {[%emt 0:00:06]} 8. Be2 {[%emt 0:00:43]} h5 {[%emt 0:16:43]} 9. Be3 {[%emt 0:05:51]} a6 {[%emt 0:08:03]} 10. f4 {[%emt 0:02:26]} Ngf6 {[%emt 0:00:30]} 11. O-O-O {[%emt 0:08:47]} Qc7 {[%emt 0:07:05]} 12. Kb1 {[%emt 0:11:42]} Rc8 {[%emt 0:14:29]} 13. Rhe1 {[%emt 0:04:42]} Qb8 {[%emt 0:02:18]} 14. Bg1 {[%emt 0:02:47]} Be7 {[%emt 0:11:07]} 15. h3 {[%emt 0:05:07]} b5 {[%emt 0:02:38]} 16. cxb5 {[%emt 0:08:50]} Bxe4 {[%emt 0:01:06]} 17. Bd3 $11 {[%emt 0:00:28]} d5 {[%emt 0:03:53]} 18. Nc6 {[%emt 0:01:45]} Qxf4 {[%emt 0:00:43]} 19. Nxe7 {[%emt 0:08:50]} Kxe7 {[%emt 0:00:11]} 20. bxa6 {[%emt 0:02:48]} Rhd8 {[%emt 0:04:34]} 21. a7 {[%emt 0:08:47]} Kf8 {[%emt 0:01:17]} 22. Qe2 {[%emt 0:02:02]} Bxd3+ {[%emt 0:02:02]} 23. Qxd3 {[%emt 0:00:19]} Ne5 {[%emt 0:00:55]} 24. Qa6 {[%emt 0:02:42]} Nc4 {[%emt 0:01:11]} 25. Bc5+ {[%emt 0:05:18]} Kg8 {[%emt 0:00:18]} 26. Re2 {[%emt 0:03:55]} Qc7 {[%emt 0:03:52]} 27. Na4 {[%emt 0:01:14]} Ne4 {[%emt 0:01:16]} 28. Bb6 {[%emt 0:01:16]} Ncd2+ {[%emt 0:00:20]} 0-1